Teatro goliardico dell'Umanesimo /
Salvato in:
| Altri autori: | , |
|---|---|
| Natura: | Libro |
| Lingua: | italiano latino |
| Pubblicazione: |
Milano :
Lerici,
1965
|
| Serie: | Poeti europei. Classici ;
2 |
| Soggetti: | |
| Tags: |
Nessun Tag, puoi essere il primo ad aggiungerne!!
|
MARC
| LEADER | 00000nam a22000007i 4500 | ||
|---|---|---|---|
| 001 | IT\ICCU\SBL\0385091 | ||
| 003 | ItRI | ||
| 005 | 20250730121332.0 | ||
| 008 | 910930s1965 it |||||| ||||| |||||c | ||
| 015 | |2 IT |a 658854 | ||
| 040 | |b ita |c ct | ||
| 041 | 7 | |a ita |a lat |2 ISO-639-2 | |
| 082 | |a 879 |2 16 | ||
| 245 | 0 | 0 | |a Teatro goliardico dell'Umanesimo / |c a cura di Vito Pandolfi e Erminia Artese ; introduzione di Vito Pandolfi. |
| 260 | |a Milano : |b Lerici, |c 1965 | ||
| 300 | |a XX, 549 p. ; |c 22 cm | ||
| 500 | |a Testo latino a fronte | ||
| 500 | |a Traduzione di Erminia Artese | ||
| 650 | 7 | |a Letteratura drammatica latina |x Sec. 12.-15. |x Antologie | |
| 700 | 1 | |a Artese, Erminia |0 IT\ICCU\CFIV\050513 |4 edt | |
| 700 | 1 | |a Pandolfi, Vito |0 IT\ICCU\RAVV\029886 |4 edt | |
| 830 | 0 | |a Poeti europei. Classici ; |v 2 |0 IT\ICCU\RAV\0163532 | |
| 942 | |2 ddc |c BK | ||
| 952 | |0 0 |1 0 |2 ddc |4 0 |6 B_LTR03PANVITEA11 |7 1 |9 7569 |a MI |b MI |d 2011-10-03 |i 2238 |l 0 |o B-LTR03-PANVI-TEA11 |p CDOM2238 |r 2025-07-13 16:28:42 |w 2025-07-13 |x OLIVARI |y BK | ||
| 981 | 1 | |6 z01 |a i |b xxxe | |
| 982 | 1 | |6 z01 |a n | |
| 999 | |c 6259 |d 6259 | ||